| 000 | 01180nam0a2200349 i 4500 | ||
|---|---|---|---|
| 001 | RU\NLR\bibl\1960518 | ||
| 005 | 20240726074754.0 | ||
| 010 |
_a9785904561925 _93000 |
||
| 021 |
_aRU _b2012-75937 _95628 |
||
| 035 | _a(nilc)RSL-KNO-005506800 | ||
| 035 | _a(NLR Aleph) 001949529 | ||
| 090 |
_a3675926 _c3675926 |
||
| 100 | _a20121010d2012 e y0rusy50 ca | ||
| 101 | 1 |
_arus _cspa |
|
| 102 | _aRU | ||
| 105 | _ay ||||||||| | ||
| 200 | 1 |
_aВсе уезжают _e[роман _eдля юношества] _fВенди Герра _gпер. [с исп.] Валентина Капанадзе |
|
| 210 |
_aМосква _cКомпасГид _d2012 |
||
| 215 |
_a237, [2] с. _d21 |
||
| 225 | 1 | _aСерия Гражданин мира | |
| 320 | _aБиблиогр. в конце кн. | ||
| 320 | _aБиблиогр.: др. кн. авт. в конце кн. | ||
| 686 |
_aШ9(2)72(4Ис) _2rubbk |
||
| 686 | _aШ9(7Ку)62-4 | ||
| 700 | 1 |
_aГерра _bВ. _f1970- _gВенди _4070 |
|
| 801 | 0 |
_aRU _bRuMoRKP _c20121010 _grcr |
|
| 801 | 1 |
_aRU _bРГБ _c20121010 |
|
| 801 | 2 |
_aRU _bNLR _c20121026 _grcr |
|
| 942 | _cBOOK | ||
| 980 | _aNBR | ||